000 00845cam a2200289 i 4500
999 _c67088
_d67088
001 67088
003 Mx-PuUPA
005 20201013132846.0
008 170331s1993 mx r 000 0 spa d
020 _a9682318491
040 _aMX-PuUPA
_bspa
_erda
_cMx-PuUPA
_dMx-PuUPA
041 0 _aspa
100 1 _aGardea, Jesús,
_d1939-2000
_eautor
245 1 4 _aLos viernes de Lautaro /
_cJesús Gardea.
250 _aSegunda edición
264 1 _aMéxico, D.F. :
_bSiglo XXI Editores,
_c1993
300 _a165 páginas ;
_c18 cm.
336 _atexto
_2rdacontent
_btxt
337 _asin medio
_2rdamedia
_bn
338 _avolumen
_2rdacarrier
_bnc
490 0 _aLa creación literaria
650 4 _aNovela mexicana
942 _2ddc
_cLI
_h863.646
_iG2444